=LDR 00000nam 2200000 4500 =001 INLIS000000000010750 =005 20130612102352 =008 ***********************************Ind** =035 ##$$0010-061300000010750 =041 ##$$a Ind =082 ##$$a 419.65 =090 ##$$a 419.65, Man t =100 ##$$a Manyanbeang =245 ##$$a Tata bahasa makassar, Abd. Kadir Menyambung, Abdul kadir Mulya, Nasrudin =260 ##$$a Pusat Pembinaan dan pengembangan $b Jakarta =300 ##$$a 272 hlm , Bhs21 cm., 1996 =650 ##$$a Tata Bahasa =650 ##$$a Makassar =850 ##$$a NBPNMAT